Statistics for Movie Characters

Click here to take the quiz!

General Stats

  • This quiz has been taken 40 times
  • The average score is 14 of 16

Answer Stats

Answer% Correct
Barbie
100%
Cinderella
100%
Harry Potter
100%
Winnie The Pooh
100%
Mickey Mouse
97%
Shrek
97%
Hulk
94%
Sonic
94%
Tinkerbell
94%
Darth Vader
92%
Woody
92%
Homer
89%
Boss Baby
86%
Stitch
86%
Edna
64%
Snowball
28%

Score Distribution

Percentile by Number Answered

Percent of People with Each Score

Your Score History

You have not taken this quiz